United States imports of merchandise for consumption country of origin by subgroup. Ft. 120

Guardado en:
Detalles Bibliográficos
Formato: Seriadas
Lenguaje:inglés
Publicado: Washington U.S. Department of Commerce 1962
Etiquetas: Agregar Etiqueta
Sin Etiquetas, Sea el primero en etiquetar este registro!

MARC

LEADER 00000nas2a2200000$$$4500
001 0010773
005 20250730114257.7
041 0 |a eng 
044 |a US 
245 1 0 |a United States imports of merchandise for consumption  |b country of origin by subgroup. Ft. 120 
264 1 |a Washington  |b U.S. Department of Commerce  |c 1962 
300 |a 1 zv. 
773 0 |w eu_un_cat*0010771